Think like the Buddha: (Record no. 9383)

MARC details
000 -LEADER
fixed length control field 00386nam a22001457a 4500
008 - FIXED-LENGTH DATA ELEMENTS--GENERAL INFORMATION
fixed length control field 230228b |||||||| |||| 00| 0 eng d
020 ## - INTERNATIONAL STANDARD BOOK NUMBER
International Standard Book Number 978-93-93559-43-2
082 ## - DEWEY DECIMAL CLASSIFICATION NUMBER
Classification number 294.34
100 ## - MAIN ENTRY--PERSONAL NAME
Personal name Victor M. Parachin
245 ## - TITLE STATEMENT
Title Think like the Buddha:
Remainder of title 108 days of mindfulness
260 ## - PUBLICATION, DISTRIBUTION, ETC.
Name of publisher, distributor, etc. Jaico
Date of publication, distribution, etc. 2022
300 ## - PHYSICAL DESCRIPTION
Extent 219 p.
Dimensions 18 cm
942 ## - Added entry Elements (Koha)
Source of classification or shelving scheme Dewey Decimal Classification
Holdings
Withdrawn status Lost status Source of classification or shelving scheme Damaged status Not for loan Collection code Home library Current library Shelving location Date acquired Serial Enumeration / chronology Total Checkouts Total Renewals Full call number Barcode Checked out Date last seen Date last checked out Price effective from Koha item type
    Dewey Decimal Classification     Popular Collection RTC Library RTC Library Popular Collection 28/02/2023 177072 12 15 294.34 PAR 30018125 26/06/2026 03/04/2026 03/04/2026 28/02/2023 Main
Royal Thimphu College || All Right Reserved